|
|
|
|
| LEADER |
00000cam a22000004a 4500 |
| 001 |
musev2_50014 |
| 003 |
MdBmJHUP |
| 005 |
20230905045207.0 |
| 006 |
m o d |
| 007 |
cr||||||||nn|n |
| 008 |
890302s1989 onc o 00 0 eng d |
| 020 |
|
|
|a 9780889207189
|
| 020 |
|
|
|z 0889207186
|
| 020 |
|
|
|z 9780889209695
|
| 035 |
|
|
|a (OCoLC)1016802529
|
| 040 |
|
|
|a MdBmJHUP
|c MdBmJHUP
|
| 100 |
1 |
|
|a Macnaughton, Elizabeth,
|d 1942-
|
| 245 |
1 |
0 |
|a Guide to Historical Resources in the Regional Municipality of Waterloo /
|c Elizabeth Macnaughton and Pat Wagner.
|
| 264 |
|
1 |
|a Waterloo, Ont. :
|b Wilfrid Laurier University Press and Heritage Resources Dept., the Regional Municipality of Waterloo,
|c 1989.
|
| 264 |
|
3 |
|a Baltimore, Md. :
|b Project MUSE,
|c 2018
|
| 264 |
|
4 |
|c ©1989.
|
| 300 |
|
|
|a 1 online resource (128 pages):
|b illustrations, portraits
|
| 336 |
|
|
|a text
|b txt
|2 rdacontent
|
| 337 |
|
|
|a computer
|b c
|2 rdamedia
|
| 338 |
|
|
|a online resource
|b cr
|2 rdacarrier
|
| 505 |
0 |
|
|a Table Of Contents; Acknowledgements; Introduction; Alphabetical Listing; Index.
|
| 520 |
|
|
|a On October 15, 1972, the county of Waterloo was dissolved and the new Regional Municipality of Waterloo was created.
|
| 588 |
|
|
|a Description based on print version record.
|
| 650 |
|
7 |
|a History
|x Sources.
|2 fast
|0 (OCoLC)fst00958295
|
| 650 |
|
7 |
|a Archives.
|2 fast
|0 (OCoLC)fst00814030
|
| 650 |
|
7 |
|a Archival resources.
|2 fast
|0 (OCoLC)fst00814016
|
| 650 |
|
7 |
|a LANGUAGE ARTS & DISCIPLINES
|x Library & Information Science
|x Archives & Special Libraries.
|2 bisacsh
|
| 650 |
|
6 |
|a Archives
|z Ontario
|z Waterloo (Municipalite regionale)
|v Repertoires.
|
| 650 |
|
0 |
|a Archives
|z Ontario
|z Waterloo (Regional municipality)
|v Directories.
|
| 651 |
|
7 |
|a Canada, Ontario, Waterloo
|x Archives and libraries
|x Directories.
|2 fssh
|
| 651 |
|
7 |
|a Ontario
|z Waterloo (Regional municipality)
|2 fast
|0 (OCoLC)fst01331704
|
| 651 |
|
6 |
|a Waterloo (Ont. : Municipalite regionale)
|x Histoire
|v Sources
|v Repertoires.
|
| 651 |
|
6 |
|a Waterloo (Ont. : Municipalite regionale)
|x Fonds d'archives
|v Repertoires.
|
| 651 |
|
0 |
|a Waterloo (Ont. : Regional municipality)
|x History
|x Sources
|v Directories.
|
| 651 |
|
0 |
|a Waterloo (Ont. : Regional municipality)
|x Archival resources
|v Directories.
|
| 655 |
|
7 |
|a History.
|2 fast
|0 (OCoLC)fst01411628
|
| 655 |
|
7 |
|a Directories.
|2 fast
|0 (OCoLC)fst01423796
|
| 655 |
|
7 |
|a Electronic books.
|2 local
|
| 700 |
1 |
|
|a Wagner, Pat,
|d 1930-
|
| 710 |
2 |
|
|a Waterloo (Ont. : Regional municipality).
|b Heritage Resources Department.
|
| 710 |
2 |
|
|a Project Muse.
|e distributor
|
| 830 |
|
0 |
|a Book collections on Project MUSE.
|
| 856 |
4 |
0 |
|z Texto completo
|u https://projectmuse.uam.elogim.com/book/50014/
|
| 945 |
|
|
|a Project MUSE - Custom Collection
|
| 945 |
|
|
|a Project MUSE - Archive Complete Supplement VI
|
| 945 |
|
|
|a Project MUSE - Archive History Supplement VI
|